000 00540nam a2200169 i 4500
001 145958
003 ES-MaACL
005 20230906201352.0
007 t|
008 071018s1970 sp ||||1| spa d
100 1 _aVerdejo Vivas, Guillermo.
_9114020
245 1 0 _aMisión del farmacéutico en el hospital moderno /
_cG. Verdejo Vivas.
260 _a[Almería :
_bHermandad Farmacéutica Almeriense,
_c1970]
300 _a78 p. ;
_c28 cm.
710 2 _aHermandad Farmacéutica Almeriense.
_94568
852 _aES-MaACL
_jC-41014
_bR.73866
999 _c145958
_d145958